Olave namma baduku. (Record no. 180120)

MARC details
000 -LEADER
fixed length control field 01241nam a2200217Ia 4500
003 - CONTROL NUMBER IDENTIFIER
control field OSt
005 - DATE AND TIME OF LATEST TRANSACTION
control field 20251211163502.0
008 - FIXED-LENGTH DATA ELEMENTS--GENERAL INFORMATION
fixed length control field 210707s1982 xx 000 0 und d
040 ## - CATALOGING SOURCE
Transcribing agency AL
041 ## - LANGUAGE CODE
Language code of text/sound track or separate title Kannada
082 ## - DEWEY DECIMAL CLASSIFICATION NUMBER
Classification number K894.1 AMBO
100 ## - MAIN ENTRY--PERSONAL NAME
Personal name AMBIKATANAYA DATTA
Dates associated with a name ಅಂಬಿಕಾತನಯದತ್ತ
9 (RLIN) 248910
245 ## - TITLE STATEMENT
Title Olave namma baduku.
Remainder of title ಒಲವೇ ನಮ್ಮ ಬದುಕು.
260 ## - PUBLICATION, DISTRIBUTION, ETC.
Place of publication, distribution, etc. Bengaluru
Name of publisher, distributor, etc. Vishva Kannada Sammelana
Date of publication, distribution, etc. 1982
300 ## - PHYSICAL DESCRIPTION
Extent xvi,294 p
365 ## - TRADE PRICE
Price amount 2
Currency code INR
520 ## - SUMMARY, ETC.
Summary, etc. "ಒಲವೆ ನಮ್ಮ ಬದುಕು" ಎಂಬುದು ಕವಿ ದ.ರಾ. ಬೇಂದ್ರೆ ಅವರ ಪ್ರಸಿದ್ಧ ಕವನ ಸಂಕಲನವಾಗಿದ್ದು, ಇದು ಪ್ರೀತಿಯ ತತ್ವಶಾಸ್ತ್ರವನ್ನು ವಿವರಿಸುತ್ತದೆ. ಇದು ಕೇವಲ ಒಂದು ಕವಿತೆಯಲ್ಲ, ಬದಲಿಗೆ ಪ್ರೀತಿ ಮತ್ತು ಸಂಬಂಧಗಳ ಸಿದ್ಧಾಂತವನ್ನು ವಿವಿಧ ದೃಷ್ಟಿಕೋನಗಳ ಮೂಲಕ ವಿವರಿಸುವ ಒಂದು ಮಹತ್ವದ ಕೃತಿಯಾಗಿದೆ
563 ## - BINDING INFORMATION
Binding note PB
650 ## - SUBJECT ADDED ENTRY--TOPICAL TERM
Topical term or geographic name entry element Kannada Poetry
9 (RLIN) 248911
942 ## - ADDED ENTRY ELEMENTS (KOHA)
Source of classification or shelving scheme Dewey Decimal Classification
Koha item type Book
Holdings
Withdrawn status Lost status Source of classification or shelving scheme Damaged status Not for loan Collection code Home library Current library Shelving location Date acquired Cost, normal purchase price Total Checkouts Full call number Barcode Date last seen Price effective from Koha item type
    Dewey Decimal Classification     Kannada St Aloysius Library St Aloysius Library Secondary stack section 01/07/2003 2.00   K894.1 AMBO BB04022 07/08/2021 07/08/2021 Book Bank